[Event "ODJM B 2016"]
[Site "Willingen GER"]
[Date "2016.05.19"]
[Round "7"]
[White "Reuter, Max"]
[Black "Toma, Yanis"]
[Result "1-0"]
[Termination "normal"]
[Board "33"]
[WhiteElo "1268"]
[BlackElo "1319"]
[PlyCount "75"]
[WhiteFideId "16263715"]
[BlackFideId "16215460"]
[EventCountry "GER"]
[EventRounds "9"]
[EventType "swiss"]
[EventDate "2016.05.14"]

1. e4 e5 2. Nf3 Nc6 3. Bc4 Bc5 4. c3 Nf6 5. d3 O-O 6. O-O d6 7. h3 a6 8. Bb3 b5
9. Bg5 h6 10. Bh4 g5 11. Bg3 b4 12. d4 bxc3 13. bxc3 exd4 14. cxd4 Bb6 15. Nc3
Ba5 16. Rc1 Bb7 17. d5 Ne7 18. Nd2 Re8 19. f3 Ng6 20. Ne2 Rc8 21. Bf2 Ne5 22.
Nc4 Nxc4 23. Bxc4 Qd7 24. Nd4 Bb6 25. Nf5 Bxf2+ 26. Rxf2 Kh7 27. Bd3 Nh5 28. e5
Nf4 29. Nxd6+ Nxd3 30. Qxd3+ Kg8 31. Nxc8 Bxc8 32. Re2 Bb7 33. e6 fxe6 34. Qg6+
Kf8 35. dxe6 Qd4+ 36. Kh1 Qf4 37. Rce1 Bxf3 38. Rf2 1-0

[Event "ODJM B 2016"]
[Site "Willingen GER"]
[Date "2016.05.19"]
[Round "7"]
[White "Waligora, Franciszek"]
[Black "Schirrmeister, Laura"]
[Result "1/2-1/2"]
[Termination "normal"]
[Board "34"]
[WhiteElo "1021"]
[BlackElo "1351"]
[PlyCount "58"]
[WhiteFideId "4005120"]
[BlackFideId "24694967"]
[EventCountry "GER"]
[EventRounds "9"]
[EventType "swiss"]
[EventDate "2016.05.14"]

1. e4 e6 2. d4 d5 3. Nc3 dxe4 4. Nxe4 Nd7 5. Bd3 Ngf6 6. Qe2 Nxe4 7. Bxe4 Nf6
8. Bxb7 Rb8 9. Bxc8 Qxc8 10. Nf3 Bd6 11. O-O O-O 12. b3 c5 13. dxc5 Qxc5 14.
Be3 Qc7 15. h3 Rbd8 16. Bg5 Be7 17. Rad1 h6 18. Bxf6 Bxf6 19. Rxd8 Rxd8 20. Rd1
Rxd1+ 21. Qxd1 Qd8 22. Qxd8+ Bxd8 23. Kf1 Kf8 24. Ke2 Ke7 25. Nd4 Bb6 26. Nb5
Kd7 27. f3 g6 28. Kd3 Kc6 29. Kc4 h5 1/2-1/2

[Event "ODJM B 2016"]
[Site "Willingen GER"]
[Date "2016.05.19"]
[Round "7"]
[White "Rempe, Jonas"]
[Black "Reichel, Sara"]
[Result "1-0"]
[Termination "normal"]
[Board "35"]
[WhiteElo "1245"]
[BlackElo "940"]
[PlyCount "105"]
[WhiteFideId "16202406"]
[BlackFideId "16245130"]
[EventCountry "GER"]
[EventRounds "9"]
[EventType "swiss"]
[EventDate "2016.05.14"]

1. e4 c5 2. Nf3 Nc6 3. Nc3 g6 4. d4 cxd4 5. Nxd4 Bg7 6. Be3 Nf6 7. Bd3 O-O 8.
O-O d5 9. Nxc6 bxc6 10. f3 Bb7 11. Na4 Nd7 12. c3 Rb8 13. Bxa7 Ra8 14. Be3 Ne5
15. Nc5 Qc8 16. exd5 cxd5 17. Be2 Nc4 18. Bxc4 dxc4 19. Qd7 Qxd7 20. Nxd7 Rfd8
21. Nb6 Rab8 22. Nxc4 Ba6 23. Na5 Rxb2 24. Rfd1 Rxd1+ 25. Rxd1 Bxc3 26. Bh6 f5
27. Nc6 Kf7 28. Nd8+ Kf6 29. f4 Ba5 30. Bg5+ Kg7 31. Bxe7 Bb6+ 32. Kh1 Rxa2 33.
Bc5 Bxc5 34. Ne6+ Kf7 35. Nxc5 Bc4 36. Nd7 Bb5 37. Ne5+ Ke6 38. h3 g5 39. Re1
gxf4 40. Ng6+ Kf6 41. Nxf4 Kg5 42. Ne6+ Kh4 43. Nd4 Bd3 44. Kh2 Be4 45. Re2
Rxe2 46. Nxe2 Kg5 47. Kg3 Kf6 48. Kf2 Ke6 49. g3 Kd5 50. Ke3 Ke5 51. Nf4 Bd5
52. Nxd5 Kxd5 53. Kf4 1-0

[Event "ODJM B 2016"]
[Site "Willingen GER"]
[Date "2016.05.19"]
[Round "7"]
[White "Kobald, Pierre"]
[Black "Burdot, Clara"]
[Result "0-1"]
[Termination "normal"]
[Board "36"]
[WhiteElo "1241"]
[BlackElo "921"]
[PlyCount "88"]
[WhiteFideId "12983659"]
[BlackFideId "4004779"]
[EventCountry "GER"]
[EventRounds "9"]
[EventType "swiss"]
[EventDate "2016.05.14"]

1. c4 c5 2. g3 Nc6 3. Bg2 Qc7 4. d3 g6 5. Nf3 Bg7 6. Nc3 Nf6 7. Be3 d6 8. Qd2
Bd7 9. Bh6 O-O 10. Nd1 Rfe8 11. Nc3 Rad8 12. Nd5 Nxd5 13. cxd5 Ne5 14. Nxe5
Bxe5 15. Rc1 Qb6 16. h4 Qxb2 17. Qxb2 Bxb2 18. Rb1 Bc3+ 19. Bd2 Bxd2+ 20. Kxd2
b6 21. Bh3 Bxh3 22. Rxh3 e6 23. dxe6 Rxe6 24. g4 Rf6 25. f3 Rf4 26. e4 d5 27.
g5 dxe4 28. Ke3 Rxf3+ 29. Rxf3 exf3 30. Rf1 Rd4 31. Rxf3 Rxh4 32. Rf6 Rh2 33.
Rc6 Rxa2 34. Ke4 Ra4+ 35. Ke5 Rd4 36. Kf6 Rd8 37. Rc7 Rd6+ 38. Ke7 Rxd3 39. Kf6
Rf3+ 40. Ke5 Rf5+ 41. Kd6 Rxg5 42. Rxa7 h5 43. Rb7 Rf5 44. Rxb6 Rf6+ 0-1

[Event "ODJM B 2016"]
[Site "Willingen GER"]
[Date "2016.05.19"]
[Round "7"]
[White "Schiewe, Nadin"]
[Black "Wagner, Margarethe"]
[Result "1/2-1/2"]
[Termination "normal"]
[Board "37"]
[WhiteElo "1292"]
[BlackElo "1036"]
[PlyCount "52"]
[WhiteFideId "16209079"]
[BlackFideId "16236947"]
[EventCountry "GER"]
[EventRounds "9"]
[EventType "swiss"]
[EventDate "2016.05.14"]

1. d4 Nf6 2. c4 e6 3. e3 b6 4. Bd3 Bb7 5. Nf3 d6 6. b3 Be7 7. Nbd2 O-O 8. Bb2
Nbd7 9. Qc2 c5 10. O-O-O d5 11. Rhg1 dxc4 12. bxc4 g6 13. g4 Nb8 14. Qc3 Ne8
15. g5 f6 16. h4 Ng7 17. Ne4 Bxe4 18. Bxe4 Na6 19. Bxa8 Qxa8 20. Nh2 Nb4 21.
Kb1 Qe4+ 22. Ka1 Nc2+ 23. Kb1 Nb4+ 24. Ka1 Nc2+ 25. Kb1 Nb4+ 26. Ka1 Nc2+
1/2-1/2

[Event "ODJM B 2016"]
[Site "Willingen GER"]
[Date "2016.05.19"]
[Round "7"]
[White "Bünte, Judith"]
[Black "Altgelt, Helene"]
[Result "1-0"]
[Termination "normal"]
[Board "38"]
[WhiteElo "1468"]
[BlackElo "817"]
[PlyCount "59"]
[WhiteFideId "16222342"]
[BlackFideId "16232020"]
[EventCountry "GER"]
[EventRounds "9"]
[EventType "swiss"]
[EventDate "2016.05.14"]

1. e4 c5 2. Nf3 e6 3. d3 d5 4. Nbd2 Nf6 5. Qe2 Qc7 6. g3 b6 7. Bg2 Bb7 8. O-O
Bd6 9. e5 Bxe5 10. Nxe5 Nbd7 11. Ndf3 O-O 12. Bf4 Rfe8 13. Nxd7 Qxd7 14. Rae1
Rac8 15. Ne5 Qe7 16. Bg5 h6 17. Bxf6 Qxf6 18. Qf3 Qxf3 19. Nxf3 Rcd8 20. Re2 d4
21. Ne5 Bxg2 22. Kxg2 Rd6 23. f4 g5 24. fxg5 Re7 25. gxh6 Kh7 26. Rxf7+ Rxf7
27. Nxf7 Rc6 28. Ng5+ Kxh6 29. Rxe6+ Rxe6 30. Nxe6 1-0

[Event "ODJM B 2016"]
[Site "Willingen GER"]
[Date "2016.05.19"]
[Round "7"]
[White "Maul, Maik"]
[Black "Gloyer, Fabian"]
[Result "1-0"]
[Termination "normal"]
[Board "39"]
[WhiteElo "1354"]
[BlackElo "1386"]
[PlyCount "53"]
[WhiteFideId "16204816"]
[BlackFideId "16205944"]
[EventCountry "GER"]
[EventRounds "9"]
[EventType "swiss"]
[EventDate "2016.05.14"]

1. d4 d5 2. Bf4 Bf5 3. Nf3 e6 4. Nc3 Nf6 5. e3 Bb4 6. a3 Bxc3+ 7. bxc3 Ne4 8.
c4 Nd7 9. Bd3 Ndf6 10. Ng5 O-O 11. Nxe4 Bxe4 12. Bxe4 Nxe4 13. f3 Nd6 14. c5
Nc4 15. e4 Re8 16. O-O Re7 17. e5 Qd7 18. Bg5 Ree8 19. f4 Ne3 20. Qf3 Nxf1 21.
Rxf1 Rac8 22. Qg3 f6 23. exf6 gxf6 24. Bxf6+ Kf8 25. f5 exf5 26. Rxf5 Qe6 27.
Qg7# 1-0

[Event "ODJM B 2016"]
[Site "Willingen GER"]
[Date "2016.05.19"]
[Round "7"]
[White "Feil, Alexander"]
[Black "Rosenhain, Jonathan"]
[Result "0-1"]
[Termination "normal"]
[Board "40"]
[WhiteElo "1371"]
[BlackElo "1222"]
[PlyCount "120"]
[WhiteFideId "4002954"]
[BlackFideId "16212169"]
[EventCountry "GER"]
[EventRounds "9"]
[EventType "swiss"]
[EventDate "2016.05.14"]

1. e4 e5 2. d4 exd4 3. c3 d5 4. exd5 Qxd5 5. cxd4 Nc6 6. Nf3 Bg4 7. Be2 O-O-O
8. Nc3 Bb4 9. O-O Qd7 10. Be3 Bxf3 11. Bxf3 Kb8 12. d5 Ne5 13. Qd4 Nxf3+ 14.
gxf3 b6 15. Qxb4 h5 16. Rad1 Qf5 17. Qe4 Qd7 18. d6 c6 19. Rfe1 Re8 20. Qxe8+
Qxe8 21. d7 Qd8 22. Bf4+ Kb7 23. Re8 Nf6 24. Rxd8 Rxd8 25. Bg5 Rxd7 26. Bxf6
Rxd1+ 27. Nxd1 gxf6 28. h4 Kc7 29. Nc3 Kd6 30. Kg2 Ke5 31. Ne2 a5 32. Ng3 b5
33. Nxh5 Kf5 34. Ng7+ Kg6 35. Ne6 fxe6 36. Kg3 Kh5 37. f4 c5 38. b3 a4 39. Kf3
axb3 40. axb3 c4 41. bxc4 bxc4 42. Ke3 Kxh4 43. Kd4 Kg4 44. Kxc4 Kxf4 45. Kd3
Kf3 46. Kd2 Kxf2 47. Kd3 f5 48. Kd4 f4 49. Ke4 f3 50. Ke5 Ke3 51. Kxe6 f2 52.
Ke5 f1=Q 53. Kd5 Qf4 54. Kc5 Qd4+ 55. Kb5 Qc3 56. Kb6 Qc4 57. Kb7 Qc5 58. Ka6
Qb4 59. Ka7 Qb5 60. Ka8 Kd4 0-1

[Event "ODJM B 2016"]
[Site "Willingen GER"]
[Date "2016.05.19"]
[Round "7"]
[White "Beyer, Clemens"]
[Black "Tran, Minh Dat"]
[Result "1-0"]
[Termination "normal"]
[Board "41"]
[WhiteElo "1028"]
[BlackElo "1258"]
[PlyCount "65"]
[WhiteFideId "16245407"]
[BlackFideId "16244702"]
[EventCountry "GER"]
[EventRounds "9"]
[EventType "swiss"]
[EventDate "2016.05.14"]

1. d4 d5 2. Nf3 Nf6 3. e3 Bf5 4. Bd3 Bg6 5. Bxg6 hxg6 6. c3 e6 7. Nbd2 c5 8.
O-O Bd6 9. Re1 Qe7 10. e4 Qf8 11. e5 Ng4 12. h3 Bc7 13. hxg4 Rh7 14. Ng5 Rh4
15. Qf3 Bd8 16. Nh3 Nc6 17. Nb3 c4 18. Nc5 b6 19. Nb7 Bc7 20. Bf4 b5 21. a3 Qh8
22. Bg5 Rh7 23. Kh2 f6 24. Bf4 g5 25. Bg3 Ne7 26. exf6 Bxg3+ 27. Kxg3 gxf6 28.
Rxe6 Kd7 29. Nc5+ Kd8 30. Rxf6 Kc7 31. Ne6+ Kb7 32. Re1 Rf8 33. Nc5+ 1-0

[Event "ODJM B 2016"]
[Site "Willingen GER"]
[Date "2016.05.19"]
[Round "7"]
[White "Ibrahim, Luisa"]
[Black "von der Weyden, Louis"]
[Result "0-1"]
[Termination "normal"]
[Board "42"]
[WhiteElo "916"]
[BlackElo "1387"]
[PlyCount "80"]
[WhiteFideId "12993930"]
[BlackFideId "16207050"]
[EventCountry "GER"]
[EventRounds "9"]
[EventType "swiss"]
[EventDate "2016.05.14"]

1. e4 e5 2. Nf3 Nf6 3. Nc3 Nc6 4. Bc4 Bc5 5. Nxe5 Nxe5 6. d4 Nxc4 7. dxc5 Qe7
8. Bg5 Qe5 9. Qf3 Qxg5 10. Qf5 Qxf5 11. exf5 O-O 12. O-O d6 13. cxd6 Nxd6 14.
Rfe1 Bxf5 15. Re7 Rac8 16. Rc1 Rfe8 17. Rxe8+ Rxe8 18. b4 Bxc2 19. h3 Bf5 20.
a4 Be4 21. b5 c6 22. Nxe4 Ndxe4 23. bxc6 Rc8 24. c7 Ne8 25. Re1 N4f6 26. Rb1
Rxc7 27. a5 Nd6 28. Rd1 Rc6 29. Re1 Kf8 30. g4 Ra6 31. Ra1 Ke7 32. g5 Nfe8 33.
Re1+ Kf8 34. Re5 Nc4 35. Rf5 Rxa5 36. Rf4 Rxg5+ 37. Kh2 Ned6 38. h4 Rf5 39.
Rxf5 Nxf5 40. Kh3 a5 0-1

[Event "ODJM B 2016"]
[Site "Willingen GER"]
[Date "2016.05.19"]
[Round "7"]
[White "Winterberg, Martin"]
[Black "Burdot, Louis"]
[Result "1-0"]
[Termination "normal"]
[Board "43"]
[WhiteElo "1046"]
[BlackElo "1214"]
[PlyCount "87"]
[WhiteFideId "16245091"]
[BlackFideId "4004760"]
[EventCountry "GER"]
[EventRounds "9"]
[EventType "swiss"]
[EventDate "2016.05.14"]

1. e4 e5 2. Nf3 Nf6 3. Bc4 Nxe4 4. Nc3 Nxc3 5. dxc3 Nc6 6. Ng5 d5 7. Bxd5 Be6
8. Nxe6 fxe6 9. Qh5+ g6 10. Bxc6+ bxc6 11. Qxe5 Rg8 12. O-O Qd6 13. Re1 Kd7 14.
Bf4 Bg7 15. Qxd6+ cxd6 16. Rad1 d5 17. Be5 Rab8 18. Bxb8 Rxb8 19. c4 Rxb2 20.
Rb1 Rxb1 21. Rxb1 Kc8 22. cxd5 cxd5 23. f4 Bd4+ 24. Kf1 Bb6 25. Re1 Kd7 26. g3
Bc7 27. Rd1 Kc6 28. Re1 Kd7 29. Rc1 h6 30. c4 g5 31. fxg5 hxg5 32. cxd5 exd5
33. Rd1 Ke6 34. Kg2 Ke5 35. h4 gxh4 36. gxh4 Bd8 37. h5 Bg5 38. Rh1 Kf5 39. h6
Kg6 40. h7 Bf6 41. h8=Q Bxh8 42. Rxh8 Kf5 43. Re8 d4 44. Kf2 1-0

[Event "ODJM B 2016"]
[Site "Willingen GER"]
[Date "2016.05.19"]
[Round "7"]
[White "Gehrke, Jakob"]
[Black "Reyher, Bastian"]
[Result "1-0"]
[Termination "normal"]
[Board "44"]
[WhiteElo "1303"]
[BlackElo "1064"]
[PlyCount "73"]
[WhiteFideId "12993905"]
[BlackFideId "12927465"]
[EventCountry "GER"]
[EventRounds "9"]
[EventType "swiss"]
[EventDate "2016.05.14"]

1. e4 c5 2. Nc3 Nc6 3. Bd3 g6 4. b3 Bg7 5. Bb2 Nf6 6. Nf3 O-O 7. Qe2 d6 8.
O-O-O Bg4 9. h3 Be6 10. g4 d5 11. exd5 Bxd5 12. Nxd5 Nxd5 13. Bxg7 Kxg7 14. c3
Nf4 15. Qe3 Nxd3+ 16. Kc2 Nce5 17. Nxe5 Nxe5 18. Qxe5+ f6 19. Qxc5 b6 20. Qe3
Qd6 21. Kb2 a5 22. Qe2 a4 23. b4 a3+ 24. Kb1 Rfd8 25. f3 Ra4 26. Qb5 Ra7 27. h4
Rc8 28. g5 h5 29. gxf6+ exf6 30. Rhg1 Qf4 31. Qxh5 g5 32. hxg5 Qf5+ 33. Kc1 Qd3
34. gxf6+ Kxf6 35. Qh6+ Ke5 36. Rg5+ Kf4 37. Qh4+ 1-0

[Event "ODJM B 2016"]
[Site "Willingen GER"]
[Date "2016.05.19"]
[Round "7"]
[White "Bardorz, Stefan"]
[Black "Strohschneider, Leon"]
[Result "1-0"]
[Termination "normal"]
[Board "45"]
[WhiteElo "1283"]
[BlackElo "996"]
[PlyCount "61"]
[WhiteFideId "16245474"]
[BlackFideId "16211634"]
[EventCountry "GER"]
[EventRounds "9"]
[EventType "swiss"]
[EventDate "2016.05.14"]

1. e4 c5 2. Nc3 d6 3. g3 g6 4. Bg2 Bg7 5. d3 Nf6 6. f4 Nc6 7. Nf3 Qc7 8. O-O
Bd7 9. Kh1 O-O-O 10. Be3 e5 11. Rb1 Nh5 12. a3 f5 13. Nd5 Qb8 14. exf5 gxf5 15.
Ng5 Nxg3+ 16. hxg3 Rdf8 17. Kg1 exf4 18. Bxf4 h5 19. Kf2 Bd4+ 20. Ke2 Re8+ 21.
Kd2 Be6 22. Nxe6 Rxe6 23. Re1 Rhe8 24. Rxe6 Rxe6 25. Qxh5 b6 26. Qxf5 Nd8 27.
Bg5 Kd7 28. Bxd8 Qxd8 29. Qf7+ Re7 30. Bh3+ Kc6 31. Nxe7+ 1-0

[Event "ODJM B 2016"]
[Site "Willingen GER"]
[Date "2016.05.19"]
[Round "7"]
[White "Semukhin, Sophia"]
[Black "Brunner, Alexander"]
[Result "0-1"]
[Termination "normal"]
[Board "46"]
[WhiteElo "1087"]
[BlackElo "1246"]
[PlyCount "36"]
[BlackFideId "12965278"]
[EventCountry "GER"]
[EventRounds "9"]
[EventType "swiss"]
[EventDate "2016.05.14"]

1. e4 d5 2. exd5 Qxd5 3. Nc3 Qa5 4. d4 Nf6 5. Bc4 Bg4 6. Nf3 Nc6 7. Be3 O-O-O
8. Bxf7 e5 9. Qd2 Bxf3 10. gxf3 exd4 11. Ne4 Bb4 12. c3 dxc3 13. Qc2 cxb2+ 14.
Ke2 bxa1=Q 15. Rxa1 Nxe4 16. Qxe4 Qe5 17. Bxa7 Qb2+ 18. Ke3 Qd2# 0-1

[Event "ODJM B 2016"]
[Site "Willingen GER"]
[Date "2016.05.19"]
[Round "7"]
[White "Beyer, Lorenz"]
[Black "Reiser, Silas"]
[Result "0-1"]
[Termination "normal"]
[Board "47"]
[WhiteElo "1169"]
[BlackElo "926"]
[PlyCount "64"]
[WhiteFideId "16245393"]
[EventCountry "GER"]
[EventRounds "9"]
[EventType "swiss"]
[EventDate "2016.05.14"]

1. e4 d5 2. exd5 Qxd5 3. Nc3 Qd8 4. g3 Nf6 5. Bg2 Bf5 6. d3 c6 7. Nge2 e6 8.
Bf4 Nbd7 9. Qd2 Be7 10. h3 Qb6 11. b3 O-O 12. O-O Nd5 13. Nxd5 cxd5 14. Qe3
Qxe3 15. Bxe3 Rfc8 16. Rfc1 Ba3 17. Rcb1 Rxc2 18. Nd4 Rb2 19. Nb5 Bxd3 20. Nxa3
Bxb1 21. Rxb1 Rxa2 22. Nb5 a6 23. Nc3 Rc2 24. Nd1 Rac8 25. Bf4 e5 26. Ne3 Rc1+
27. Rxc1 Rxc1+ 28. Kh2 exf4 29. Nxd5 fxg3+ 30. fxg3 Kf8 31. Nf4 Rb1 32. Bxb7
Nc5 0-1

[Event "ODJM B 2016"]
[Site "Willingen GER"]
[Date "2016.05.19"]
[Round "7"]
[White "Voltmer, Victor"]
[Black "Reuter, Marek"]
[Result "1/2-1/2"]
[Termination "normal"]
[Board "48"]
[WhiteElo "1028"]
[BlackElo "1152"]
[PlyCount "105"]
[BlackFideId "16226712"]
[EventCountry "GER"]
[EventRounds "9"]
[EventType "swiss"]
[EventDate "2016.05.14"]

1. e4 c6 2. Nf3 d5 3. exd5 cxd5 4. Ne5 Bf5 5. d4 Nf6 6. g4 Be4 7. f3 Bg6 8. h4
h6 9. Nxg6 fxg6 10. Bd3 Kf7 11. c4 e6 12. Qb3 Qc7 13. Be3 Nbd7 14. cxd5 Nxd5
15. Bf2 Qc1+ 16. Qd1 Bb4+ 17. Nc3 Bxc3+ 18. bxc3 Qxc3+ 19. Kf1 Nf4 20. Be4 Qc4+
21. Bd3 Qxd3+ 22. Qxd3 Nxd3 23. Bg3 Rhc8 24. Rd1 Rc1 25. Ke2 Rxd1 26. Rxd1 Nb4
27. Rb1 a5 28. a3 Nc6 29. Rxb7 Ra7 30. Rxa7 Nxa7 31. Kd3 Nc6 32. Kc4 Kf6 33.
Kb5 Nxd4+ 34. Kxa5 Nb3+ 35. Kb4 Nd4 36. f4 e5 37. fxe5+ Nxe5 38. Bxe5+ Kxe5 39.
Kc5 Ne6+ 40. Kc4 Kd6 41. Kb5 Nd4+ 42. Kc4 Nc2 43. a4 Ne3+ 44. Kb5 Kc7 45. a5
Nxg4 46. Kc5 Ne5 47. Kd5 g5 48. hxg5 hxg5 49. Kxe5 g4 50. Kf4 g3 51. Kxg3 Kb7
52. Kg4 Ka6 53. Kg5 1/2-1/2

[Event "ODJM B 2016"]
[Site "Willingen GER"]
[Date "2016.05.19"]
[Round "7"]
[White "Trams, Emma Joe"]
[Black "Nagel, Philipp"]
[Result "0-1"]
[Termination "normal"]
[Board "49"]
[WhiteElo "1360"]
[BlackElo "873"]
[PlyCount "168"]
[WhiteFideId "16206517"]
[BlackFideId "12994715"]
[EventCountry "GER"]
[EventRounds "9"]
[EventType "swiss"]
[EventDate "2016.05.14"]

1. e4 d5 2. exd5 Qxd5 3. Nc3 Qa5 4. Nf3 Bg4 5. h3 Bh5 6. a3 e6 7. d3 Nf6 8. Be3
Nc6 9. b4 Bxf3 10. gxf3 Qh5 11. Qe2 b6 12. Bg2 Rd8 13. O-O-O a6 14. Qe1 Bd6 15.
f4 Ne7 16. Na2 O-O 17. Rg1 Rb8 18. Bd4 Bxf4+ 19. Kb1 Bg5 20. f4 Bh4 21. Qe3
Rfe8 22. Nc3 c5 23. Be5 Rbc8 24. Na2 Nf5 25. Qf3 Qh6 26. Rc1 Red8 27. Rcd1 Nd4
28. Bxd4 Rxd4 29. Qb7 Rcd8 30. Qxb6 cxb4 31. Nxb4 R8d6 32. Qb7 Qxf4 33. c3 Rd7
34. Qxa6 R4d6 35. Nc6 g6 36. Qa8+ Kg7 37. Nb4 Qe5 38. d4 Qb5 39. Bf1 Qb7 40.
Qxb7 Rxb7 41. Bg2 Rc7 42. Kc2 Bf2 43. Rgf1 Bxd4 44. Rd3 Be5 45. Rfd1 Rxd3 46.
Rxd3 h5 47. Re3 Bd4 48. Rd3 Bb6 49. Kb3 Nd7 50. Bc6 Nc5+ 51. Kc4 Nxd3 52. Kxd3
Ba5 53. Bg2 f5 54. c4 Ra7 55. Kc3 e5 56. Kb3 Bb6 57. Nc6 Rb7 58. Kc2 Kf6 59.
Nxe5 Rc7 60. Nc6 Bc5 61. a4 Bb6 62. a5 Ba7 63. Kc3 Kg5 64. Nd8 Re7 65. Nc6 Re3+
66. Kd2 Ra3 67. Nxa7 Ra2+ 68. Kd3 Rxg2 69. c5 Ra2 70. c6 Rxa5 71. c7 Rc5 72.
c8=Q Rxc8 73. Nxc8 Kf4 74. Ne7 g5 75. Nd5+ Kg3 76. Ke3 Kxh3 77. Kf3 g4+ 78. Kf2
Kh2 79. Nf4 h4 80. Ng2 h3 81. Nh4 g3+ 82. Ke2 g2 83. Nf3+ Kh1 84. Kf2 h2 0-1

[Event "ODJM B 2016"]
[Site "Willingen GER"]
[Date "2016.05.19"]
[Round "7"]
[White "Zwecker, Simon"]
[Black "Reuker, Ronja"]
[Result "1/2-1/2"]
[Termination "normal"]
[Board "50"]
[WhiteElo "916"]
[BlackElo "1132"]
[PlyCount "115"]
[WhiteFideId "16257677"]
[BlackFideId "12947172"]
[EventCountry "GER"]
[EventRounds "9"]
[EventType "swiss"]
[EventDate "2016.05.14"]

1. e4 e5 2. Nf3 Nc6 3. Bc4 Nf6 4. Nc3 Nxe4 5. Nxe4 d5 6. Bd3 dxe4 7. Bxe4 Bg4
8. h3 Bh5 9. O-O Bd6 10. Re1 O-O 11. c3 f5 12. Bxc6 bxc6 13. Qb3+ Kh8 14. Nxe5
Re8 15. d4 Rb8 16. Qc4 c5 17. g4 fxg4 18. hxg4 cxd4 19. cxd4 Rb4 20. Qd5 Bxe5
21. Qxd8 Rxd8 22. dxe5 Rxg4+ 23. Kf1 Rdd4 24. f3 Rg3 25. Re3 Rxf3+ 26. Rxf3
Bxf3 27. Bg5 Re4 28. Re1 Rxe1+ 29. Kxe1 Bd5 30. a3 Kg8 31. Ke2 Kf7 32. Kd3 c6
33. b4 a6 34. Kd4 Ke6 35. Bf4 Kd7 36. Kc5 Kc7 37. a4 Be6 38. b5 cxb5 39. axb5
axb5 40. Kxb5 Kd7 41. Kc5 Ke7 42. Bg5+ Kf7 43. Kd6 Bb3 44. Kc5 Ke6 45. Kd4 Kf5
46. Be7 g5 47. Ke3 Kg4 48. Kf2 h5 49. Kg2 h4 50. Kh2 Kf5 51. Kh3 Be6 52. Bf6
Kf4+ 53. Kg2 h3+ 54. Kh2 g4 55. Bh4 Kxe5 56. Bg3+ Ke4 57. Be1 Kf3 58. Bh4
1/2-1/2

[Event "ODJM B 2016"]
[Site "Willingen GER"]
[Date "2016.05.19"]
[Round "7"]
[White "Bilek, Thomas"]
[Black "Meusel, Johannes"]
[Result "1-0"]
[Termination "normal"]
[Board "51"]
[WhiteElo "1192"]
[BlackElo "915"]
[PlyCount "95"]
[WhiteFideId "12994707"]
[BlackFideId "16244893"]
[EventCountry "GER"]
[EventRounds "9"]
[EventType "swiss"]
[EventDate "2016.05.14"]

1. d4 Nf6 2. Nc3 e6 3. f3 Be7 4. Bf4 d5 5. Qd2 O-O 6. O-O-O b6 7. g4 c5 8. h4
Nbd7 9. h5 a5 10. e4 Bb7 11. e5 Ne8 12. g5 cxd4 13. Nb5 Bc5 14. g6 a4 15. Bd3
Qb8 16. h6 Nxe5 17. hxg7 Nxg7 18. gxh7+ Kh8 19. Bh6 Ng6 20. Bxg6 fxg6 21. Nxd4
Bd6 22. Bxg7+ Kxg7 23. Nxe6+ Kh8 24. Nxf8 Bf4 25. Nxg6+ Kg7 26. Nxf4 a3 27.
Qd4+ Kf7 28. b3 Qh8 29. Qxh8 Rxh8 30. Nxd5 Bxd5 31. Rxd5 Kg7 32. Rd7+ Kg6 33.
Rd6+ Kg7 34. Rxb6 Kf7 35. Rhh6 Ke7 36. Rb7+ Kd8 37. Rb8+ Ke7 38. Rxh8 Kf7 39.
Rf8+ Kg7 40. h8=B+ Kxh6 41. f4 Kh7 42. f5 Kh6 43. f6 Kh7 44. f7 Kg6 45. Nf3 Kh7
46. Rg8 Kh6 47. f8=Q+ Kh5 48. Rg5# 1-0

[Event "ODJM B 2016"]
[Site "Willingen GER"]
[Date "2016.05.19"]
[Round "7"]
[White "Wilmink, Luca"]
[Black "Gehrke, Korbinian"]
[Result "0-1"]
[Termination "normal"]
[Board "52"]
[WhiteElo "817"]
[BlackElo "1234"]
[PlyCount "56"]
[WhiteFideId "16245253"]
[BlackFideId "12993913"]
[EventCountry "GER"]
[EventRounds "9"]
[EventType "swiss"]
[EventDate "2016.05.14"]

1. e4 c5 2. d4 cxd4 3. Qxd4 Nc6 4. Qd1 Nf6 5. Nc3 g6 6. Nf3 Qc7 7. Bc4 Qb6 8.
b3 Ng4 9. Be3 Nxe3 10. fxe3 Qxe3+ 11. Ne2 Qxe4 12. Ng5 Qh4+ 13. g3 Qxg5 14. Qb1
Bg7 15. c3 O-O 16. h4 Qe3 17. Qd3 Qc5 18. g4 Ne5 19. Qe4 d6 20. h5 e6 21. Qc2
Nxg4 22. hxg6 fxg6 23. Bd3 Qf2+ 24. Kd2 Qe3+ 25. Kd1 Nf2+ 26. Ke1 Nxh1 27. Rd1
Rf1+ 28. Kxf1 Qf2# 0-1

[Event "ODJM B 2016"]
[Site "Willingen GER"]
[Date "2016.05.19"]
[Round "7"]
[White "Funke, Maximilian"]
[Black "Ibrahim, Eva"]
[Result "1-0"]
[Termination "normal"]
[Board "53"]
[WhiteElo "1190"]
[BlackElo "973"]
[PlyCount "133"]
[WhiteFideId "16251989"]
[BlackFideId "12993948"]
[EventCountry "GER"]
[EventRounds "9"]
[EventType "swiss"]
[EventDate "2016.05.14"]

1. e4 c5 2. Nf3 d6 3. d4 cxd4 4. Nxd4 Nf6 5. Nc3 g6 6. Be3 Bg7 7. Bc4 O-O 8.
O-O Nc6 9. Nb3 Be6 10. Nd5 Nxe4 11. Qd3 Nf6 12. Nxf6+ Bxf6 13. Bxe6 fxe6 14. c3
Ne5 15. Qe2 d5 16. Bf4 Qd6 17. Rae1 Rac8 18. Bxe5 Bxe5 19. Qxe5 Qxe5 20. Rxe5
Rc6 21. Nd4 Rb6 22. Nxe6 Rf6 23. Nd4 Rxb2 24. Rxe7 Rfb6 25. h3 Rxa2 26. Ne6 a5
27. Rd1 Rd6 28. c4 a4 29. Rb1 b6 30. cxd5 Rc2 31. Ra1 b5 32. Nc7 Rc5 33. Rb1
Rb6 34. d6 Rxd6 35. Nxb5 Rb6 36. Rd1 Rc8 37. Nc3 a3 38. Ra7 Rb3 39. Nb1 Rbb8
40. Nxa3 Ra8 41. Rxa8 Rxa8 42. Nc4 Re8 43. Kf1 Re4 44. Nb6 Re7 45. Rd8+ Kf7 46.
Rd7 Rxd7 47. Nxd7 Ke6 48. Nf8+ Kf7 49. Nxh7 Kg7 50. Ng5 Kh6 51. h4 Kh5 52. g3
Kg4 53. Kg2 Kh5 54. Kh3 Kh6 55. Kg4 Kg7 56. f4 Kf6 57. Ne4+ Kg7 58. Kg5 Kh7 59.
h5 Kg7 60. hxg6 Kh8 61. f5 Kg8 62. f6 Kh8 63. Kh6 Kg8 64. f7+ Kf8 65. g7+ Kxf7
66. Kh7 Ke6 67. g8=Q+ 1-0

[Event "ODJM B 2016"]
[Site "Willingen GER"]
[Date "2016.05.19"]
[Round "7"]
[White "Bakalarz, Adrian"]
[Black "Parma, Lea"]
[Result "1/2-1/2"]
[Termination "normal"]
[Board "54"]
[WhiteElo "865"]
[BlackElo "1170"]
[PlyCount "43"]
[WhiteFideId "12955809"]
[BlackFideId "16222377"]
[EventCountry "GER"]
[EventRounds "9"]
[EventType "swiss"]
[EventDate "2016.05.14"]

1. e4 d5 2. exd5 Qxd5 3. Nc3 Qd8 4. Nf3 Nf6 5. Bc4 e6 6. d4 Bd6 7. O-O a6 8.
Re1 b5 9. Bb3 O-O 10. d5 exd5 11. Nxd5 Bb7 12. Bg5 Bxd5 13. Bxd5 Bxh2+ 14. Nxh2
Qxd5 15. Bxf6 Qxd1 16. Raxd1 gxf6 17. Ng4 Kg7 18. f4 Nc6 19. a3 Rfe8 20. Rf1
Re2 21. Rf2 Rae8 22. Rd2 1/2-1/2